[Event "Olympiad Women 2024"]
[Site "Budapest HUN"]
[Date "2024.09.22"]
[Round "11.36"]
[Board "4"]
[White "Bhatia, Kanishka"]
[Black "Strong, Davida"]
[Result "1-0"]
[WhiteElo "1908"]
[BlackElo "1733"]
[PlyCount "55"]
[EventDate "2024.09.11"]
[WhiteTeam "Scotland"]
[BlackTeam "South Africa"]
[WhiteTeamCountry "SCO"]
[BlackTeamCountry "RSA"]

1. d4 d5 2. c4 e6 3. Nc3 Nf6 4. Bg5 Be7 5. e3 h6 6. Bxf6 Bxf6 7. Nf3 O-O 8. Qc2 c6 9. h4 h5 ({RR} 9... g6 10. O-O-O Nd7 11. e4 Bg7 12. Kb1 b6 13. e5 Bb7 14. Rh3 Qe7 15. cxd5 exd5 16. h5 g5 17. Qf5 Qe6 18. Bd3 Qxf5 19. Bxf5 Rfd8 20. Nh2 Nf8 21. g3 c5 22. Ng4 cxd4 23. Nb5 Ne6 24. Bxe6 {1-0 Mamedyarov,S (2817)-Praggnanandhaa,R (2530) Tata Steel India blitz 2018 (13)}) ({RR} 9... g6 10. g4 Bg7 11. g5 h5 12. O-O-O Nd7 13. Kb1 Qe7 14. cxd5 exd5 15. Bd3 Nb6 16. Rhe1 Bg4 17. Be2 a5 18. Nh2 Bxe2 19. Nxe2 Nc4 20. Nf4 a4 21. Nf3 Rfe8 22. Nd2 Nd6 23. Nd3 Nf5 24. Nf3 {1-0 Finegold,B (2400)-Pavlov,N (2316) Titled Tue 20th Aug Early 2024 (10)}) 10. Bd3 $146 ({RR} 10. O-O-O dxc4 11. Bxc4 b5 12. Be2 a5 13. Ng5 g6 14. Bxh5 Bxg5 15. hxg5 Qxg5 16. Bf3 b4 17. Ne4 Qf5 18. Rh4 Kg7 19. Rdh1 Rg8 20. Rf4 Qd5 21. Rh7+ Kxh7 22. Nf6+ Kg7 23. Bxd5 cxd5 24. Nxg8 Kxg8 {1-0 Odegov,A (2286)-Havanecz,B (2257) Titled Tuesday intern op 29th June blitz 2021 (9)}) 10... Qe7 11. O-O-O Nd7 12. e4 dxe4 13. Nxe4 Rd8 14. Neg5 Nf8 15. Rhe1 Qc7 16. Kb1 Kh8 17. Qe2 g6 18. Ne5 Bxg5 19. hxg5 Rxd4 20. g4 hxg4 21. Qe3 c5 22. Qg3 Kg8 23. Qh4 b6 24. Nxg4 Nh7 25. Rh1 Bb7 26. Qxh7+ Kf8 27. Qh8+ Ke7 28. Qf6+ 1-0

[Event "Olympiad Women 2024"]
[Site "Budapest HUN"]
[Date "2024.09.22"]
[Round "11.37"]
[Board "1"]
[White "Granados Ortiz, Maria Jose"]
[Black "Kanyamarala, Trisha"]
[Result "0-1"]
[WhiteElo "1935"]
[BlackElo "2179"]
[PlyCount "72"]
[EventDate "2024.09.11"]
[WhiteTeam "Nicaragua"]
[BlackTeam "Ireland"]
[WhiteTeamCountry "NCA"]
[BlackTeamCountry "IRL"]

1. e4 c5 2. Nf3 d6 3. d4 cxd4 4. Nxd4 Nf6 5. Nc3 Nc6 6. Bb5 Bd7 7. Be3 a6 8. Be2 e6 9. Qd2 b5 10. f3 Be7 11. O-O O-O 12. Nxc6 $146 ({RR} 12. Kh1 Ne5 13. b3 Qc7 14. Rac1 Rac8 15. Nd1 d5 16. Nf2 dxe4 17. Nxe4 Nxe4 18. fxe4 Rfd8 19. Qe1 Bc5 20. c3 Ba7 21. Bf4 f6 22. Nf3 Qc5 23. Nxe5 fxe5 24. Bg5 Rf8 25. Rd1 Rxf1+ 26. Qxf1 Bc6 {0-1 Heinemann,J (1120)-Stolcz,B (1435) GER-ch Schools U18 Girls 2009 (1.1)}) 12... Bxc6 13. a3 Qc7 14. Rad1 Rfd8 15. Bf2 d5 16. exd5 Nxd5 17. Nxd5 Bxd5 18. Bg3 Qc5+ 19. Bf2 Qc6 20. Bd3 Bf6 21. Qb4 Rdb8 22. Bg3 Rb7 23. b3 a5 24. Qd6 Qc3 25. Rfe1 Be7 26. Qf4 a4 27. bxa4 Rxa4 28. Qe5 Qxe5 29. Rxe5 f6 30. Ree1 Bxa3 31. Rb1 Bc5+ 32. Kf1 b4 33. Ke2 Ra2 34. Ra1 b3 35. Kf1 Rxa1 36. Rxa1 b2 0-1

[Event "Olympiad Women 2024"]
[Site "Budapest HUN"]
[Date "2024.09.22"]
[Round "11.37"]
[Board "2"]
[White "Mirza, Diana"]
[Black "Martinez Orozco, Cristiana Yorlene"]
[Result "1-0"]
[WhiteElo "1962"]
[BlackElo "1761"]
[PlyCount "67"]
[EventDate "2024.09.11"]
[WhiteTeam "Ireland"]
[BlackTeam "Nicaragua"]
[WhiteTeamCountry "IRL"]
[BlackTeamCountry "NCA"]

1. e4 c6 2. d4 d5 3. exd5 cxd5 4. Bd3 Nc6 5. c3 Nf6 6. Bf4 Bg4 7. Qb3 Qc8 8. Nd2 e6 9. Ngf3 Be7 10. O-O Bxf3 ({RR} 10... a6 11. h3 Bxf3 12. Nxf3 O-O 13. Rfe1 b5 14. a3 Qb7 15. Ne5 Na5 16. Qd1 Nc4 17. Qe2 Rfc8 18. Rab1 a5 19. Bg5 Rab8 20. Nxf7 Kxf7 21. Qxe6+ Kf8 22. Bxh7 Rc6 23. Qf5 Nd6 24. Qf3 Nf7 25. Bf4 {1-0 Nikolovski,K (1740)-Koljevic,N (2039) Skopje Open 2023 (9.52)}) 11. Nxf3 O-O 12. Rfe1 a6 13. Rac1 $146 ({RR} 13. Qc2 b5 14. a3 Qb7 15. Qe2 Rfc8 16. Ne5 Nxe5 17. Bxe5 Nd7 18. Bg3 Rc6 19. f4 Bd6 20. Qf3 Nf8 21. f5 Bxg3 22. Qxg3 exf5 23. Bxf5 a5 24. Qe5 Rb6 25. Qe7 Qc6 26. Qc5 Ne6 27. Qe7 Re8 {½-½ Jugelt,T (2403)-Vatter,H (2326) GER-ch 82nd Bonn 2011 (5)}) 13... b5 14. Ne5 Qb7 15. Qd1 Rfc8 16. Re3 Na5 17. Rh3 g6 18. Qf3 Rf8 19. Bh6 Rfe8 20. Bg5 Kg7 21. Nxf7 Nh5 22. Bh6+ Kg8 23. Ne5 Bf8 24. Bg5 Qg7 25. g4 h6 26. Bxg6 Re7 27. Bxe7 Bxe7 28. Bf7+ Kh8 29. Bxh5 Bg5 30. Nf7+ Kg8 31. Nxg5 Qxg5 32. Qf7+ Kh8 33. Bg6 Qxc1+ 34. Kg2 1-0

[Event "Olympiad Women 2024"]
[Site "Budapest HUN"]
[Date "2024.09.22"]
[Round "11.37"]
[Board "3"]
[White "Cabezas Calero, Abigail Carolina"]
[Black "Gora, Antonina"]
[Result "1/2-1/2"]
[WhiteElo "1824"]
[BlackElo "1943"]
[PlyCount "110"]
[EventDate "2024.09.11"]
[WhiteTeam "Nicaragua"]
[BlackTeam "Ireland"]
[WhiteTeamCountry "NCA"]
[BlackTeamCountry "IRL"]

1. e4 c5 2. c3 d5 3. exd5 Qxd5 4. d4 g6 5. dxc5 Qxc5 6. Be3 Qa5 7. Nf3 ({RR} 7. Na3 Bg7 8. Nb5 Bd7 9. Qb3 a6 10. Nd4 Qc7 11. Bc4 e6 12. O-O-O Nc6 13. Nxc6 Bxc6 14. Nf3 Ne7 15. Rhe1 O-O 16. Bb6 Qf4+ 17. Be3 Qc7 18. Bb6 Qf4+ 19. Kb1 Nd5 20. Bd4 b5 21. Bd3 Bxd4 {0-1 Demchenko,S (2176)-Chen,M (2030) 57th Biel Master Open 2024 (2.49)}) 7... Bg7 8. Nbd2 Nf6 9. Bc4 $146 ({RR} 9. Nc4 Qc7 10. Qd2 Ne4 11. Qc2 Nc5 12. Bd4 O-O 13. Bxg7 Kxg7 14. Ne3 b6 15. Bc4 Bb7 16. Bd5 Nc6 17. b4 Nd7 18. c4 Nf6 19. Qb2 a5 20. bxa5 bxa5 21. O-O Rab8 22. Rfd1 Kg8 23. Rac1 Nb4 {0-1 Delemarre,I (2250)-Solomunovic,I (2345) Staufer op 12th 2000 (7)}) 9... O-O 10. O-O Nc6 11. Re1 Ng4 12. Bf4 Qb6 13. Re2 Nh6 14. Bb3 Bg4 15. Qe1 a5 16. Be3 Qc7 17. h3 Bxf3 18. Nxf3 Nf5 19. Bc5 a4 20. Bd5 Rfe8 21. g4 Nd6 22. Rd1 Rad8 23. Ng5 e6 24. Bxe6 fxe6 25. Rxe6 Ne5 26. Bxd6 Qc8 27. Bxe5 Rxd1 28. Qxd1 Rxe6 29. Qd5 Qc6 30. Qxe6+ Qxe6 31. Nxe6 Bxe5 32. Nc5 b5 33. Nd3 Bf6 34. a3 Kf7 35. f4 Ke6 36. Kf2 Kd5 37. Ke3 Bg7 38. Nc1 Bf6 39. g5 Bg7 40. Kd3 Bf8 41. Ne2 Bd6 42. Nd4 Bxf4 43. Nxb5 Bc1 44. c4+ Kc6 45. Nd4+ Kd7 46. Kc3 Bxg5 47. Kb4 Bf6 48. Nf3 Bxb2 49. Kxa4 Kc6 50. Kb4 Bf6 51. c5 g5 52. Kc4 h5 53. a4 g4 54. hxg4 hxg4 55. Ne1 g3 1/2-1/2

[Event "Olympiad Women 2024"]
[Site "Budapest HUN"]
[Date "2024.09.22"]
[Round "11.37"]
[Board "4"]
[White "Putar, Lara"]
[Black "Munoz Cortez, Anahi Alexandra"]
[Result "1-0"]
[WhiteElo "1911"]
[BlackElo "1868"]
[PlyCount "67"]
[EventDate "2024.09.11"]
[WhiteTeam "Ireland"]
[BlackTeam "Nicaragua"]
[WhiteTeamCountry "IRL"]
[BlackTeamCountry "NCA"]

1. d4 d5 2. c4 e6 3. Nf3 Nf6 4. e3 Be7 5. Nc3 O-O 6. Bd3 a6 7. cxd5 ({RR} 7. a4 c5 8. O-O cxd4 9. exd4 Nc6 10. Re1 Nb4 11. Qe2 Bd7 12. Ne5 Rc8 13. Be3 Bc6 14. Nxc6 Rxc6 15. Rad1 Qd7 16. Bb1 Rfc8 17. h4 g6 18. h5 Kg7 19. Qg4 Qd8 20. Bd2 Qb6 21. g3 Rxc4 {0-1 Boudiba,M (2384)-Meier,G (2663) FRA-ch blitz 2010 (3)}) 7... exd5 8. h3 ({RR} 8. O-O Nbd7 9. b3 c6 10. Bb2 Bd6 11. h3 Qe7 12. Qc2 g6 13. Rfe1 Re8 14. e4 dxe4 15. Nxe4 Nxe4 16. Bxe4 Qf8 17. d5 Bb4 18. dxc6 Nc5 19. cxb7 Bxb7 20. Bxb7 Nxb7 21. Re4 Rac8 22. Rc4 Nd6 {1-0 Oro,F (2330)-Keleberda,T (2235) Titled Tue 12th Mar Early 2024 (5)}) 8... c6 9. O-O b5 $146 ({RR} 9... Nbd7 10. b3 Bd6 11. Qc2 Re8 12. Bb2 Qe7 13. Nd2 Nf8 14. Rae1 Nh5 15. Qd1 g6 16. Nf3 f5 17. Na4 Nd7 18. Qc2 Nhf6 19. Nd2 Ne4 20. Nc3 Nxd2 21. Qxd2 Qg5 22. f4 Qh4 23. Qf2 Qxf2+ 24. Rxf2 {0-1 Jorczik,J (2169)-Dichmann,A (2100) Munich-ch MK 2006 (1)}) ({RR} 9... Be6 10. Qc2 Nbd7 11. Ng5 h6 12. Nxe6 fxe6 13. e4 Rc8 14. e5 Ne8 15. Qe2 c5 16. Qg4 Rc6 17. Qg6 Bg5 18. Qh7+ Kf7 19. Bg6+ Ke7 20. Bxg5+ hxg5 21. Qh5 cxd4 22. Qxg5+ Nef6 23. exf6+ Rxf6 24. Ne2 {1-0 Vajda,A (1942)-Kovacs,D (2012) HUN-chT2 Szechenyi 0506 2005 (1)}) ({RR} 9... Re8 10. Bd2 Be6 11. Qc2 Nbd7 12. Ne5 Nf8 13. Ne2 Bd6 14. Nf4 Qc7 15. Nxe6 Nxe6 16. f4 c5 17. Bc3 c4 18. Be2 Ne4 19. Bf3 f5 20. Bxe4 dxe4 21. Qd2 b5 22. Bb4 Qb6 23. Bxd6 Qxd6 24. a3 {1-0 Abian Lopez,M (1446)-Elexpe Garcia,A (1881) ESP-ch U18 Salobrena 2019 (9)}) 10. Qc2 h6 11. a3 Bb7 12. e4 dxe4 13. Nxe4 Nxe4 14. Bxe4 Qb6 15. Re1 Bf6 16. Be3 Qd8 17. Rac1 Qd6 18. Qd2 Rd8 19. Bb1 Nd7 20. Bf4 Qf8 21. Qc2 g6 22. Ba2 Qg7 23. Ne5 Bxe5 24. dxe5 g5 25. Bg3 Nb6 26. e6 Nd5 27. e7 Re8 28. Bxd5 cxd5 29. Qc7 Bc8 30. Be5 Qg6 31. Rc6 Be6 32. Rd6 Qd3 33. Rd8 Qc4 34. Rxa8 1-0

[Event "Olympiad Women 2024"]
[Site "Budapest HUN"]
[Date "2024.09.22"]
[Round "11.38"]
[Board "1"]
[White "Verbin, Valentina"]
[Black "Samaganova, Aleksandra"]
[Result "1-0"]
[WhiteElo "2071"]
[BlackElo "1948"]
[PlyCount "117"]
[EventDate "2024.09.11"]
[WhiteTeam "Moldova"]
[BlackTeam "Kyrgyzstan"]
[WhiteTeamCountry "MDA"]
[BlackTeamCountry "KGZ"]

1. d4 Nf6 2. c4 e6 3. g3 d5 4. Nf3 Be7 5. Bg2 O-O 6. O-O b6 7. cxd5 exd5 8. Qc2 Bb7 9. Ne5 ({RR} 9. Bf4 Na6 10. Nc3 Qc8 11. Rac1 Rd8 12. Be5 Ne8 13. Nd2 c5 14. a3 Nec7 15. e4 dxe4 16. dxc5 Nxc5 17. Ncxe4 N7e6 18. Qb1 Qd7 19. Rfd1 Qb5 20. Nc3 Qe8 21. Bxb7 Nxb7 22. Nf3 Rac8 23. Rxd8 Rxd8 {½-½ Kurajica,B (2534)-Dizdar,G (2526) CRO-chT Pula 2000 (7)}) 9... Bd6 $146 ({RR} 9... c6 10. Rd1 Re8 11. Nc3 Nbd7 12. e4 Nf8 13. exd5 cxd5 14. Qa4 Ne6 15. Be3 Bf8 16. Rac1 a6 17. Qb3 b5 18. h3 Qd6 19. Nd3 Ne4 20. Nc5 Nxc3 21. Rxc3 Bc6 22. Nd3 Red8 23. Rdc1 Bb7 24. Nc5 {1-0 Martin,A (2365)-Jackson,S (2260) Hastings op 8889 1988}) ({RR} 9... c5 10. dxc5 bxc5 11. Nc3 Nbd7 12. Bf4 Qc8 13. Bh3 Qd8 14. Rfd1 Nxe5 15. Bxe5 d4 16. e3 Qb6 17. exd4 cxd4 18. Bxd4 Qc6 19. f3 Qxf3 20. Bg2 Qxg2+ 21. Qxg2 Bxg2 22. Kxg2 Rfd8 23. Nb5 a5 24. Rac1 {1-0 Chu,R (2124)-Feng,Y (1789) CHN Team Women 2024 (9.1)}) ({RR} 9... c5 10. dxc5 Bxc5 11. Nd3 Nbd7 12. Nf4 Qc7 13. Qf5 d4 14. Bxb7 Qxb7 15. Nd2 Rfe8 16. Nf3 Ne4 17. Qd5 Qxd5 18. Nxd5 Rac8 19. b4 Bd6 20. Nxd4 Nef6 21. Nxf6+ Nxf6 22. a3 Be5 23. e3 Ne4 24. Kg2 {½-½ Rumiantseva,M (2074)-Anisimova,D RUS-Cup 300 years (Women) 2003 (5)}) ({RR} 9... Nfd7 10. Nd3 Nc6 11. Qa4 Nf6 12. Nc3 a6 13. Nf4 b5 14. Qd1 Na5 15. b3 Bc6 16. Qc2 b4 17. Nd1 Bb5 18. Ne3 c6 19. Nf5 Re8 20. Nxe7+ Qxe7 21. Re1 Nb7 22. a4 bxa3 23. Bxa3 Qd8 24. Rad1 {1-0 Behrensen,J-Maderna,C Mar del Plata International-19 1956 (6)}) 10. Nc3 c5 11. Nc4 Nc6 12. Nxd6 Qxd6 13. dxc5 Qxc5 14. Qd1 d4 15. Ne4 Nxe4 16. Bxe4 Rfe8 17. Bf3 Na5 18. Bxb7 Nxb7 19. Bf4 Qd5 20. e3 d3 21. Qb3 Qf5 22. Rad1 Rad8 23. Qa3 Na5 24. f3 Nc4 25. e4 Qb5 26. Qb3 Qc5+ 27. Kg2 Qd4 28. Rf2 h6 29. h4 Rd7 30. Bd2 Red8 31. Kg1 a5 32. Bc3 Qc5 33. Bd2 Ne5 34. Kg2 Nc4 35. Qc3 b5 36. Rc1 Qd6 37. b3 Nxd2 38. Rxd2 Qb6 39. Qc5 Qb7 40. Qc6 Qb8 41. Rc5 b4 42. Rb5 Qc7 43. Qxc7 Rxc7 44. Kf2 Ra8 45. Ke3 Rc1 46. Rxd3 Ra1 47. Rd2 g6 48. g4 Kg7 49. h5 g5 50. Rc2 Ra7 51. Rb8 Re1+ 52. Kf2 Rh1 53. Rcc8 Kf6 54. Re8 Rh2+ 55. Kg3 Re2 56. Rb5 a4 57. e5+ Kg7 58. Rbb8 f5 59. exf6+ 1-0

[Event "Olympiad Women 2024"]
[Site "Budapest HUN"]
[Date "2024.09.22"]
[Round "11.38"]
[Board "2"]
[White "Zhanybekova, Begimay"]
[Black "Mihailova, Alina"]
[Result "1-0"]
[WhiteElo "1784"]
[BlackElo "1969"]
[PlyCount "47"]
[EventDate "2024.09.11"]
[WhiteTeam "Kyrgyzstan"]
[BlackTeam "Moldova"]
[WhiteTeamCountry "KGZ"]
[BlackTeamCountry "MDA"]

1. e4 d5 2. exd5 Nf6 3. d4 Bg4 4. Nf3 Qxd5 5. Be2 Nc6 6. O-O O-O-O 7. Be3 Qf5 8. Nbd2 ({RR} 8. c4 e5 9. d5 e4 10. Nd4 Nxd4 11. Bxd4 Bd6 12. Re1 c5 13. Bxf6 Bxe2 14. Qxe2 Qxf6 15. Nc3 Qe5 16. f4 Qd4+ 17. Kh1 f5 18. Nb5 Qf6 19. Nxa7+ Kb8 20. Nb5 Bxf4 21. Qf2 Qh6 22. g3 Be5 {1-0 Demchenko,A (2611)-Laylo,D (2500) Quezon City op 2014 (2)}) ({RR} 8. h3 Bxf3 9. Bxf3 Nxd4 10. Bxd4 c6 11. c3 e5 12. Qa4 exd4 13. Qxa7 Bc5 14. Qa8+ Kc7 15. Qa5+ Kb8 16. b4 dxc3 17. Nxc3 Bxf2+ 18. Rxf2 Qd3 19. Na4 Ne4 20. Qe5+ Nd6 21. Nc5 Qb5 22. Rd1 Rhe8 {1-0 Todev,S (2092)-Jacobson,A (2390) Titled Tue 10th Sep Late 2024 (6)}) 8... Bxf3 9. Nxf3 e5 10. c3 g5 $146 ({RR} 10... Nd5 11. Bd3 e4 12. Bb1 Bd6 13. Nd2 Rhe8 14. c4 Nf6 15. Qf3 g6 16. Qxf5+ gxf5 17. g3 Rg8 18. Kh1 Ng4 19. Bc2 h5 20. Bd1 h4 21. Bxg4 Rxg4 22. h3 Rg6 23. g4 f4 24. c5 fxe3 25. fxe3 {0-1 Voit,D (2166)-Bukhteeva,V (2065) Moscow-ch (Women) 2008 (4)}) ({RR} 10... h5 11. Qa4 Nd5 12. Nxe5 Nxe5 13. dxe5 Nxe3 14. Qxa7 Nxf1 15. Qa8+ Kd7 16. Bb5+ Ke7 17. Qxb7 Qxe5 18. Kxf1 Kf6 19. a4 Bc5 20. Re1 Qf5 21. f3 Rd2 22. Qc6+ Bd6 23. Re4 h4 24. h3 Qg5 25. Be2 {0-1 Vasilevich,I (2340)-Bukhteeva,V (2154) Moscow-ch (Women) 2009 (1)}) ({RR} 10... exd4 11. Bxd4 Bd6 12. Qa4 Nxd4 13. Nxd4 Qe5 14. g3 c5 15. Ba6 Rd7 16. Rfe1 Qd5 17. Bc4 Qh5 18. Nb5 Ng4 19. Nxd6+ Rxd6 20. Re8+ Rxe8 21. Qxe8+ Kc7 22. Qxf7+ Qxf7 23. Bxf7 Nxf2 {½-½ Spyropoulos,G (2167)-Tzermiadianos,A (2439) GRE CupT Vrachati 2011 (1)}) 11. Bb5 Bd6 12. Bxc6 bxc6 13. dxe5 Bxe5 14. Qa4 Rd6 15. Rfe1 Re8 16. Rad1 Nd5 17. Bc5 Rde6 18. Qa6+ Kd7 19. c4 Bxh2+ 20. Kxh2 Rxe1 21. Nxe1 Qe5+ 22. Kg1 Qe2 23. Qa4 Re5 24. cxd5 1-0

[Event "Olympiad Women 2024"]
[Site "Budapest HUN"]
[Date "2024.09.22"]
[Round "11.38"]
[Board "3"]
[White "Bargan, Victoria"]
[Black "Sezdbekova, Aizhan"]
[Result "1-0"]
[WhiteElo "1941"]
[BlackElo "1799"]
[PlyCount "145"]
[EventDate "2024.09.11"]
[WhiteTeam "Moldova"]
[BlackTeam "Kyrgyzstan"]
[WhiteTeamCountry "MDA"]
[BlackTeamCountry "KGZ"]

1. d4 Nf6 2. c4 e6 3. Nc3 d5 4. cxd5 exd5 5. Bg5 Be7 6. e3 Bf5 7. Bxf6 Bxf6 8. Qb3 b6 9. Qxd5 Qxd5 10. Nxd5 Bd8 11. Nf3 Be4 12. Nc3 Bxf3 13. gxf3 O-O 14. Bg2 $146 ({RR} 14. f4 Nd7 15. Bg2 Rb8 16. Bc6 Nf6 17. Rc1 a6 18. Ke2 Kh8 19. e4 Ng8 20. Nd5 Ne7 21. Nxe7 Bxe7 22. e5 Rfd8 23. Ke3 Kg8 24. Rhg1 Kf8 25. f5 b5 26. Be4 Rdc8 27. f6 gxf6 28. Bxh7 Bb4 {1-0 Mohota,N (2277)-Ramya,K (2089) Commonwealth-ch 2003 (2)}) ({RR} 14. Bd3 c6 15. O-O Nd7 16. Ba6 Rb8 17. Be2 Be7 18. Rfd1 Nf6 19. Rac1 b5 20. f4 Rfc8 21. Bf3 b4 22. Na4 Nd5 23. Nc5 Bxc5 24. Rxc5 Ne7 25. Rdc1 Rb5 26. Rxb5 cxb5 27. Rxc8+ Nxc8 28. Bc6 Nd6 {1-0 Miasoedov,G-Pilipchuk,O UKR-ch sf U14 2000}) 14... Nd7 15. O-O Nf6 16. f4 Rc8 17. Nb5 a6 18. Na7 Rb8 19. Nc6 Rc8 20. Rac1 a5 21. Bh3 Ra8 22. Nxd8 Rfxd8 23. Rxc7 Nd5 24. Rcc1 Rab8 25. a3 g6 26. f5 g5 27. Rfd1 Rd6 28. Rd2 Rbd8 29. Rcd1 Kg7 30. Bg2 Ne7 31. e4 Nc6 32. d5 Ne5 33. Rc2 Kf6 34. f3 h6 35. h4 Rg8 36. hxg5+ hxg5 37. Kf2 Rh8 38. Kg3 Ke7 39. Rc7+ Kf6 40. Rc3 Ke7 41. Rh1 Rxh1 42. Bxh1 Kd8 43. f4 gxf4+ 44. Kxf4 f6 45. Bf3 Rd7 46. Ke3 Rh7 47. Bd1 Rh3+ 48. Kd4 Rh2 49. Rc2 Rxc2 50. Bxc2 Kd7 51. Bd1 Kd6 52. Be2 Kc7 53. Ke3 Kd6 54. b4 axb4 55. axb4 Nf7 56. Kf4 Ne5 57. Ke3 Nd7 58. Kd4 Ne5 59. Kc3 Nf7 60. Kc4 Ke5 61. Kb5 Kxe4 62. Kxb6 Kxd5 63. Bb5 Ne5 64. Ba6 Nf7 65. Bc8 Kd6 66. b5 Nd8 67. Ka7 Kc7 68. Be6 Kd6 69. b6 Kc6 70. Bc8 Kd6 71. b7 Nc6+ 72. Kb6 Nb8 73. Be6 1-0

[Event "Olympiad Women 2024"]
[Site "Budapest HUN"]
[Date "2024.09.22"]
[Round "11.38"]
[Board "4"]
[White "Abaeva, Aiana"]
[Black "Petricenco, Ana"]
[Result "1-0"]
[WhiteElo "1858"]
[BlackElo "1894"]
[PlyCount "125"]
[EventDate "2024.09.11"]
[WhiteTeam "Kyrgyzstan"]
[BlackTeam "Moldova"]
[WhiteTeamCountry "KGZ"]
[BlackTeamCountry "MDA"]

1. e4 c5 2. Nf3 d6 3. d3 Nf6 4. g3 e6 5. Bg2 Be7 6. O-O O-O 7. Nbd2 Nc6 8. c3 Qc7 9. Re1 b6 10. d4 ({RR} 10. a3 Ne5 11. Nxe5 dxe5 12. a4 Ba6 13. Nc4 Bxc4 14. dxc4 Rad8 15. Qc2 a5 16. Bf1 Ne8 17. Bd3 Qd7 18. Bf1 Qc7 19. Qe2 Nd6 20. Qh5 Ne8 21. Qe2 Nd6 22. Bg2 Kh8 23. Rd1 Nc8 24. Be3 Rxd1+ {½-½ Ivanchuk,V (2710)-Akopian,V (2648) Qatar Masters op 2015 (8)}) ({RR} 10. Nc4 b5 11. Ne3 Bb7 12. Nc2 Rac8 13. Bf4 Rfd8 14. Qe2 a6 15. Rac1 Qb6 16. d4 cxd4 17. Nfxd4 Na5 18. Be3 Qc7 19. Bg5 h6 20. Be3 Qc4 21. f3 Qxe2 22. Rxe2 Nc4 23. b3 Ne5 24. Ne1 d5 {0-1 Nessipbayev,B (1586)-Yavuz,E (1988) World School-ch U13 2019 (1)}) 10... cxd4 11. Nxd4 $146 ({RR} 11. cxd4 Nb4 12. Re3 Qc2 13. Qe1 Nd3 14. Qf1 Ba6 15. Ne1 Nxe1 16. Qxa6 Nxg2 17. Kxg2 Rfc8 18. a4 Ng4 19. Re2 Qd1 20. h3 Nf6 21. a5 bxa5 22. Nf3 Rxc1 23. Re1 Rxa1 24. Rxd1 Rxd1 25. Qb7 Re8 {0-1 Oezdemir,A (1972)-Hesse,H (2272) Heusenstamm Sparkassen op-A 5th 2018 (3)}) 11... Nxd4 12. cxd4 Bb7 13. Nf1 Rac8 14. Bd2 Qd7 15. f3 Rc7 16. Ne3 Rfc8 17. Bc3 Qe8 18. d5 exd5 19. exd5 Qd7 20. f4 Ne8 21. Be4 g6 22. Ng4 Rxc3 23. bxc3 Nf6 24. Nxf6+ Bxf6 25. Rc1 Bxc3 26. Re3 Bb4 27. Rxc8+ Qxc8 28. Kg2 Bc5 29. Re2 Ba6 30. Bd3 Bb7 31. Be4 Ba6 32. Rc2 Qe8 33. Qf3 Qb5 34. f5 Qd7 35. g4 Qb5 36. h4 Qb4 37. h5 g5 38. f6 Qe1 39. Bd3 Qg1+ 40. Kh3 Bxd3 41. Qxd3 Qh1+ 42. Rh2 Qe1 43. Qf3 Qh4+ 44. Kg2 Qe1 45. Rh1 Qe5 46. Kh3 h6 47. Rh2 Bd4 48. Rc2 Qxf6 49. Qxf6 Bxf6 50. Rc7 Bd4 51. Rxa7 Kg7 52. Rd7 Bc5 53. Kg3 Kf6 54. a4 Bb4 55. Kf3 Ba3 56. Ke4 Bb4 57. Kd4 Ba3 58. Kc4 Bc5 59. Kb5 Ke5 60. Rxf7 Kxd5 61. Rf6 Ke4 62. Rxh6 d5 63. a5 1-0

[Event "Olympiad Women 2024"]
[Site "Budapest HUN"]
[Date "2024.09.22"]
[Round "11.39"]
[Board "1"]
[White "Pipiras, Filipa Fortuna"]
[Black "Fuad Kamel Jamaliah, Natalie"]
[Result "1-0"]
[WhiteElo "2187"]
[BlackElo "2003"]
[PlyCount "43"]
[EventDate "2024.09.11"]
[WhiteTeam "Portugal"]
[BlackTeam "Jordan"]
[WhiteTeamCountry "POR"]
[BlackTeamCountry "JOR"]

1. d4 d5 2. c4 e6 3. Nf3 Nf6 4. g3 c6 5. Bg2 Bb4+ 6. Bd2 Bd6 7. Qc2 ({RR} 7. O-O Nbd7 8. Nc3 O-O 9. Qc2 Re8 10. Rfd1 Qc7 11. e4 dxe4 12. Nxe4 Nxe4 13. Qxe4 c5 14. Ng5 Nf6 15. Qh4 cxd4 16. c5 Bxc5 17. Rac1 Qb6 18. Ne4 Nxe4 19. Bxe4 f5 20. Bd3 e5 21. a3 e4 {0-1 Oliveira,T (1971)-Cramling Bellon,A (2085) Titled Tue 10th Oct Late 2023 (9)}) 7... Nbd7 8. O-O Ne4 ({RR} 8... O-O 9. Nc3 dxc4 10. Bg5 h6 11. Bxf6 Nxf6 12. Ne5 c5 13. e3 cxd4 14. exd4 Rb8 15. Rfd1 Bd7 16. Nxc4 Qc7 {½-½ Comas Fabrego,L (2509)-Moskalenko,V (2551) Catalunya Ann 75th 2004 (5)}) 9. Rd1 $146 ({RR} 9. Nc3 Ndf6 10. Rad1 O-O 11. Ne5 Nxd2 12. Rxd2 Nd7 13. Nxd7 Qxd7 14. c5 Bc7 15. f4 f5 16. b4 b5 17. cxb6 axb6 18. a4 Bd6 19. Rb1 {½-½ Kopnicky,V (2106)-Mrva,V (2072) SVK-chT2D 1718 2017 (3.1)}) 9... h6 10. Nc3 Ndf6 11. Ne5 Nxd2 12. Rxd2 Bxe5 13. dxe5 Nd7 14. cxd5 cxd5 15. e4 dxe4 16. Nxe4 O-O 17. Nc5 Qe7 18. Nxd7 Bxd7 19. Qc7 Rfd8 20. Rad1 Rac8 21. Qxb7 Rb8 22. Qxa7 1-0

[Event "Olympiad Women 2024"]
[Site "Budapest HUN"]
[Date "2024.09.22"]
[Round "11.39"]
[Board "2"]
[White "Jeda Helal"]
[Black "Silva, Mariana"]
[Result "0-1"]
[WhiteElo "1569"]
[BlackElo "2005"]
[PlyCount "70"]
[EventDate "2024.09.11"]
[WhiteTeam "Jordan"]
[BlackTeam "Portugal"]
[WhiteTeamCountry "JOR"]
[BlackTeamCountry "POR"]

1. e4 c5 2. Nf3 Nc6 3. d4 cxd4 4. Nxd4 e5 5. Nb3 Nf6 6. Nc3 Bb4 7. Bd3 Bxc3+ 8. bxc3 d6 9. O-O O-O 10. Bg5 ({RR} 10. h3 b6 11. Bg5 h6 12. Bh4 g5 13. Bg3 Ne7 14. a4 Be6 15. a5 Qc7 16. Qd2 Ng6 17. Ra3 Rac8 18. Nc1 Qc6 19. Qe3 Nf4 20. Ne2 Qc5 21. Rfa1 Qxe3 22. fxe3 Nxe2+ 23. Bxe2 Nxe4 24. Be1 Rc7 {0-1 Skuhala,J (2325)-Anton Guijarro,D (2670) Titled Tue 23rd Jan Late 2024 (2)}) 10... h6 11. Bh4 Be6 ({RR} 11... Qd7 12. Bxf6 gxf6 13. Be2 f5 14. h3 f4 15. Bg4 Qe7 16. Qe2 Qh4 17. Nd2 Bxg4 18. hxg4 Rad8 19. f3 h5 20. Qf2 Qg5 21. Rad1 Rd7 22. g3 hxg4 23. fxg4 Qxg4 24. Qf3 Qg6 25. Rf2 f6 26. Rg2 {½-½ Hill,J (1756)-Stuart,T 45th Olympiad 2024 (3.80)}) 12. Qf3 g5 $146 ({RR} 12... Re8 13. Rab1 Nb8 14. Be2 Nbd7 15. Rfd1 Qc7 16. Bb5 Bg4 17. Qg3 Bxd1 18. Bxd7 Nxd7 19. Rxd1 Qxc3 20. Rxd6 Qe1# {0-1 Tulepbaeva,A-Lasko,K Wch U10 Girls 1999 (2)}) 13. Bg3 Kg7 14. h4 Rc8 15. Qe2 Bg4 16. f3 Nh5 17. Qe1 Be6 18. Rd1 Nf4 19. Bxf4 gxf4 20. g4 fxg3 21. Qxg3+ Kh8 22. Kh2 Rg8 23. Qf2 Qf6 24. Rg1 Ne7 25. h5 Rg5 26. Rg2 Rxh5+ 27. Kg1 Ng6 28. Nd2 Nf4 29. Rh2 Nh3+ 30. Rxh3 Bxh3 31. Nf1 Rg8+ 32. Ng3 Qf4 33. Kh1 Rxg3 34. Rd2 Bg2+ 35. Kg1 Rh1# 0-1

[Event "Olympiad Women 2024"]
[Site "Budapest HUN"]
[Date "2024.09.22"]
[Round "11.39"]
[Board "3"]
[White "Duque, Raquel Dos Santos"]
[Black "Boshra, Alshaeby"]
[Result "0-1"]
[WhiteElo "1913"]
[BlackElo "1939"]
[PlyCount "26"]
[EventDate "2024.09.11"]
[WhiteTeam "Portugal"]
[BlackTeam "Jordan"]
[WhiteTeamCountry "POR"]
[BlackTeamCountry "JOR"]

1. d4 Nf6 2. Nf3 e6 3. g3 b5 4. Bg2 Bb7 5. O-O c5 6. a4 b4 7. Bg5 ({RR} 7. a5 Na6 8. Nbd2 cxd4 9. Nb3 Be7 10. Qxd4 Qc7 11. Bf4 Qxc2 12. Ne1 Qc8 13. Rc1 Bc6 14. Bd6 Bxd6 15. Qxd6 Nd5 16. Bxd5 exd5 17. Qe5+ Kf8 18. Nd4 Qb8 19. Qg5 f6 20. Qg4 h5 21. Qf5 Qe5 {1-0 Chirila,I (2533)-Priyadharshan,K (2527) PRO League Pacific rapid 2017 (1)}) 7... cxd4 ({RR} 7... Na6 8. Qd3 Be7 9. Ne5 Bxg2 10. Kxg2 Qb6 11. Qf3 Rc8 12. Nc4 Qc6 13. Bxf6 Qxf3+ 14. exf3 gxf6 15. d5 exd5 16. Ne3 Nc7 17. Rd1 d4 18. Nf5 Bf8 19. Nd2 d5 20. Re1+ Kd7 21. f4 Ne6 22. Nf3 {0-1 Estrada Nieto,J (2217)-Vlassov,N (2283) Titled Tue 11th Apr Late 2023 (5)}) 8. Bxf6 $146 ({RR} 8. Nxd4 Bxg2 9. Kxg2 Be7 10. Nb3 O-O 11. N1d2 Nc6 12. e4 d5 13. Qe2 Rc8 14. Rfd1 Qc7 15. Rac1 Rfd8 16. h4 h6 17. Bf4 e5 18. exd5 Nxd5 19. Be3 Nxe3+ 20. Qxe3 Nd4 21. Nf3 Nxf3 22. Qxf3 Bf8 {0-1 Domingo Nunez,A (2311)-Lenderman,A (2600) Titled Tuesday intern op 08th Feb Late blitz 2022 (4)}) 8... Qxf6 9. Qxd4 Nc6 10. Qxf6 gxf6 11. Nbd2 Na5 12. Rfd1 Rc8 13. Nd4 Ba6 0-1